Aspectos del Derecho positivo: las mancomunidades / las mancomunidades /
Colección:
San Jorge,
; núm. 16 (octubre 1954), pàg 131-133
Materias:
Mancomunitats -- Dret i legislació
Idioma:
Español
MARC
| LEADER | 00000naa a2200000 a 4500 | ||
|---|---|---|---|
| 003 | Arxiu | ||
| 005 | 20260324181039.0 | ||
| 008 | 160829s1954 xx s0 spa c | ||
| 040 | |a AGDB | ||
| 100 | 1 | |a Màndoli, Josep Ma. |9 20279 | |
| 245 | 1 | 0 | |a Aspectos del Derecho positivo: |b las mancomunidades / |c por José M.ª Mándoli Giró |
| 490 | |a San Jorge, |v núm. 16 (octubre 1954), pàg 131-133 | ||
| 650 | 0 | |a Mancomunitats |x Dret i legislació |9 31102 | |
| 773 | |g Núm. 16 (octubre 1954), pàg 131-133 |t San Jorge. | ||
| 901 | |a Arxiu | ||
| 942 | |n 1 |2 udc |c ART | ||
| 952 | |0 0 |1 0 |4 0 |6 REV509 |7 1 |9 65068 |a Arxiu |b Arxiu |d 2023-01-24 |l 0 |o Rev-509 |r 2023-01-24 00:00:00 |w 2023-01-24 |y ARXIU |z També disponible a Rev-523 | ||
| 999 | |c 48820 |d 48820 | ||